书目信息 |
| 题名: |
吡啶及其衍生物
|
|
| 作者: | 肖国民 张进 | |
| 分册: | ||
| 出版信息: | 北京 化学工业出版者 |
|
| 页数: | 191 | |
| 开本: | 20cm | |
| 丛书名: | ||
| 单 册: | ||
| 中图分类: | TQ25 | |
| 科图分类: | ||
| 主题词: | 杂环化合物--生产 | |
| 电子资源: | ||
| ISBN: | 7-5025-9777-1 | |
| 000 | 00531nam0 2200181 450 | |
| 001 | 0741144344 | |
| 005 | 20070817112544.34 | |
| 010 | @a7-5025-9777-1@d¥28.00 | |
| 100 | @a20070817d km y0chiy0120 ea | |
| 101 | 0 | @achi |
| 200 | 1 | @a吡啶及其衍生物@Abi ding ji qi yan sheng wu@f肖国民 张进@Fxiao guo min zhang jin |
| 210 | @a北京@c化学工业出版者 | |
| 215 | @a191@d20cm | |
| 606 | 0 | @a杂环化合物@x生产 |
| 690 | @aTQ25@v3 | |
| 701 | 0 | @a肖国民 张进@Axiao guo min zhang jin |
| 801 | 0 | @aCN@bPFT@c20070817 |
| 905 | @a213230@dTQ25@en1@f1 | |
| 吡啶及其衍生物/肖国民 张进.-北京:化学工业出版者 |
| 191;20cm |
| ISBN 7-5025-9777-1:¥28.00 |
| ● |
| 相关链接 |
|
|
|
|
正题名:吡啶及其衍生物
索取号:TQ25/n1
 
预约/预借
| 序号 | 登录号 | 条形码 | 馆藏地/架位号 | 状态 | 备注 |
| 1 | 6601578 | 266015787 | 密集书库-生命科学系/ [索取号:TQ25/n1] | 在馆 | |
| 2 | 6601579 | 266015796 | 密集书库-生命科学系/ [索取号:TQ25/n1] | 在馆 |